000 00186 a2200097 4500
020 _a978-0-06-054093-7
041 _aeng
100 _aJance, J.A
245 _aJustice denied
942 _cBK
999 _c16496
_d16496